All Pokémon Champions (VGC 2023) - Statistics

General Stats
  • This quiz has been taken 20 times
  • The average score is 11 of 39
Answer Stats
Hint Answer % Correct
Orlando Wolfe Glick
100%
Charlotte Justin Carris
60%
Knoxville Justin Tang
60%
Fort Wayne Justin Tang
60%
Champion Shohei Kimura
60%
Fresno Emilio Forbes
50%
Portland Joseph Ugarte
50%
Bochum Markus Stadter
50%
Vancouver Abdullah Mohayyuddin
40%
NAIC Alex Gómez
40%
San Diego Jiseok Lee
40%
OCIC Gavin Michaels
40%
Liverpool Luca Paz
40%
Turin Nico Davide Cognetta
40%
EUIC Paul Chua
40%
Hartford Shiliang Tang
40%
Milwaukee Brian Youm
30%
Utrecht Eric Rios
30%
Champion Kaito Arii
30%
Malmö Mattie Morgan
30%
Natal Gabriel Agati
20%
Caguas Zackary Thornberg
20%
London Open Andrea Olea
10%
Philippines Francis Tai
10%
São Paulo Joaquín Salerno
10%
Buenos Aires Joaquín Salerno
10%
Singapore Melvin Keh
10%
Thailand Panyawut Noijan
10%
Perth Taran Birdee
10%
Malaysia Wan Aqil
10%
Hong Kong Wayne Yu
10%
Kaohsiung Yang Da-wei
10%
Taiwan Yang Da-wei
10%
Taipei Chuang Yu-peng
0%
Sydney Liam Gilbert
0%
Santiago Javier Valdés
0%
Bogotá Juan Camilo Restrepo
0%
Lima Matías Díaz
0%
Tainan Tseng Yan-rong
0%
No matching quizzes found
Score Distribution
Percent of People with Each Score
Percentile by Number Answered
Your Score History
You have not taken this quiz